00828nam a2200205 a 450000100100000000500170001000800410002704000250006808200230009324500740011625000110019026000360020130000200023759000260025765000590028371001050034291000370044795201210048499900170060500001375220250607073643.0091130s2005 dr 000 0 spa d aDO-SdBNPbspacBNPHU a615.1bC961b, 200500aCuadro básico de medicamentos esenciales de República Dominicana. a5. ed. aSanto Domingo :bSESPAS,c2005. a76 p. ;c14 cm. aInventariado, 2018/LP 4aMedicamentos esencialeszRepública Dominicana93121612aRepública Dominicana. b Secretaria de Estado de Salud Pública y Asistencia Social (2001)956549 aValidado. Control de calidad MFF 0010718PDaPDbPDcHDd2009-11-30iLF1l0o615.1 C961b, 2005p13752-10r2020-06-25w2020-06-25yLFPDZNo se presta c13365d13365